000 00306nam a2200133Ia 4500
008 190216s9999||||xx |||||||||||||| ||und||
100 _aSurendran. Pu
245 0 _aSamkhyikam-1
250 _a1st Ed.
260 _bKerala Bhasha Institute
_c1971
300 _a250+6
650 _aMathematics
942 _cBK
999 _c37563
_d37563